000 00331nam a22001337a 4500
999 _c19846
_d19846
003 OSt
005 20200304152847.0
008 161103b xxu||||| |||| 00| 0 eng d
020 _a0538836253
040 _aMMU
_beng
_cMMU
_dMMU
050 _aHD70 .U5G53 1995
245 _aThe world of business/
942 _2lcc
_cLOAN LOAN
_e2nd edition